Statistics for College Mascot Quiz #1

Click here to take the quiz!

General Stats

  • This quiz has been taken 62 times
    (54 since last reset)
  • The average score is 12 of 15

Answer Stats

College Answer % Correct
FloridaGators
96%
OklahomaSooners
96%
AuburnTigers
93%
TennesseeVolunteers
93%
ConnecticutHuskies
93%
Notre DameFighting Irish
93%
Florida StateSeminoles
89%
AlabamaCrimson Tide
87%
Texas A&MAggies
87%
VirginiaCavaliers
82%
West VirginiaMountaineers
80%
Texas TechRed Raiders
78%
IllinoisFighting Illini
73%
IdahoVandals
47%
Georgia StatePanthers
40%

Score Distribution

Percentile by Number Answered

Percent of People with Each Score

Your Score History

You have not taken this quiz since the last reset